<?xml version="1.0" encoding="UTF-8"?><?xml-stylesheet type="text/xsl" href="static/style.xsl"?><OAI-PMH xmlns="http://www.openarchives.org/OAI/2.0/" xmlns:xsi="http://www.w3.org/2001/XMLSchema-instance" xsi:schemaLocation="http://www.openarchives.org/OAI/2.0/ http://www.openarchives.org/OAI/2.0/OAI-PMH.xsd"><responseDate>2026-06-02T21:33:58Z</responseDate><request verb="GetRecord" identifier="oai:riuma.uma.es:10630/28472" metadataPrefix="marc">https://riuma.uma.es/rest/oai/request</request><GetRecord><record><header><identifier>oai:riuma.uma.es:10630/28472</identifier><datestamp>2026-02-03T10:50:23Z</datestamp><setSpec>com_10630_2254</setSpec><setSpec>col_10630_37953</setSpec></header><metadata><record xmlns="http://www.loc.gov/MARC21/slim" xmlns:dcterms="http://purl.org/dc/terms/" xmlns:doc="http://www.lyncode.com/xoai" xmlns:xsi="http://www.w3.org/2001/XMLSchema-instance" xsi:schemaLocation="http://www.loc.gov/MARC21/slim http://www.loc.gov/standards/marcxml/schema/MARC21slim.xsd">
   <leader>00925njm 22002777a 4500</leader>
   <datafield ind2=" " ind1=" " tag="042">
      <subfield code="a">dc</subfield>
   </datafield>
   <datafield ind2=" " ind1=" " tag="720">
      <subfield code="a">Parra García, Paula</subfield>
      <subfield code="e">author</subfield>
   </datafield>
   <datafield ind2=" " ind1=" " tag="720">
      <subfield code="a">Postigo-Gómez, Inmaculada</subfield>
      <subfield code="e">author</subfield>
   </datafield>
   <datafield ind2=" " ind1=" " tag="720">
      <subfield code="a">Vera-Balanza, María Teresa</subfield>
      <subfield code="e">author</subfield>
   </datafield>
   <datafield ind2=" " ind1=" " tag="260">
      <subfield code="c">2019</subfield>
   </datafield>
   <datafield ind2=" " ind1=" " tag="520">
      <subfield code="a">Vivimos en una sociedad en la que perviven y persisten las diferencias entre lo que cultural y socialmente se adscribe al género. Esta distinción se basa en una estructura de estereotipos relacionados con el género que afecta a todos los ámbitos de nuestra vida cotidiana, incluidos los medios audiovisuales como dispositivos o tecnologías del género. Construidos como discursos de lo cotidiano, ni siquiera cuestionamos lo que vemos en pantalla y lo asumimos como representaciones de la realidad. Atendiendo a la incorporación de más y diversos personajes femeninos, pero conocedoras también de las estrategias de la industria audiovisual para segmentar y fidelizar audiencias, proponemos un análisis de las series Girls y Big Little Lies cuyo objetivo es comprobar qué papeles desempeñan las mujeres en las ficciones seriadas.</subfield>
   </datafield>
   <datafield ind1="8" ind2=" " tag="024">
      <subfield code="a">Parra García P., Postigo Gómez I. y Vera Balanza T. (2019). Resistencias y variaciones de la construcción del género en la nueva ficción seriada. ’Girls’ y ’Big Little Lies’. Comunicación y Género, 2(2), 233-247. https://doi.org/10.5209/cgen.66514</subfield>
   </datafield>
   <datafield ind1="8" ind2=" " tag="024">
      <subfield code="a">https://hdl.handle.net/10630/28472</subfield>
   </datafield>
   <datafield ind1="8" ind2=" " tag="024">
      <subfield code="a">10.5209/cgen.66514</subfield>
   </datafield>
   <datafield tag="653" ind2=" " ind1=" ">
      <subfield code="a">Mujeres en los medios de comunicación social</subfield>
   </datafield>
   <datafield tag="653" ind2=" " ind1=" ">
      <subfield code="a">Televisión y mujeres</subfield>
   </datafield>
   <datafield tag="653" ind2=" " ind1=" ">
      <subfield code="a">Feminismo y televisión</subfield>
   </datafield>
   <datafield ind2="0" ind1="0" tag="245">
      <subfield code="a">Resistencias y variaciones de la construcción del género en la nueva ficción seriada. 'Girls' y 'Big Little Lies'.</subfield>
   </datafield>
</record>
</metadata></record></GetRecord></OAI-PMH>